| 000 -ლიდერი |
| ფიქსირებული სიგრძის საკონტროლო ველი |
01086nam a2200205Ia 4500 |
| 001 - საკონტროლო ნომერი |
| საკონტროლო ველი |
2052 |
| 003 - საკონტროლო ნომრის იდენტიფიკატორი |
| საკონტროლო ველი |
GE_BSU |
| 005 - ბოლო ოპერაციის თარიღი და დრო |
| საკონტროლო ველი |
20190507122240.0 |
| 008 - ფიქსირებული სიგრძის მონაცემთა ელემენტები - ზოგადი ინფორმაცია |
| ფიქსირებული სიგრძის საკონტროლო ველი |
181216s2002||||ge |||||||||||||| ||geo|| |
| 040 ## - კატალოგიზაციის წყარო |
| Transcribing agency |
GE_BSU |
| 041 ## - ენის კოდი |
| Language code of text/sound track or separate title |
geo |
| 080 ## - უნივერსალური ათობითი კლასიფიკაციის ინდექსი |
| Universal Decimal Classification number |
371(075.8) ბ–65 |
| 100 ## - მთავარი ჩანაწერი - პიროვნების სახელი |
| Personal name |
ბიბილეიშვილი, ლუბა |
| 9 (RLIN) |
858 |
| 245 ## - ცნობა სათაურის შესახებ |
| Title |
სოციალური პედაგოგიკა : |
| Remainder of title |
დამხმარე სახელმძღვანელო ფიზიკური აღზრდის და სპორტის აკადემიის სტუდენტებისა, მაგისტრებისა და ასპირანტებისათვის / |
| Statement of responsibility, etc |
ლუბა ბიბილეიშვილი ; მამია ტუღუში. |
| 264 ## - წარმოების, გამოცემის, დისტრიბუციის და სხვა ცნობები |
| გამოცემის, წარმოების, დისტრიბუციის... ადგილი |
თბილისი : |
| გამოცემის, წარმოების, დისტრიბუციის... თარიღი |
[გ.გ.], |
| გამოცემის, წარმოების, დისტრიბუციის... სახელწოდება |
2002. |
| 300 ## - ფიზიკური აღწერა |
| Extent |
156 გვ.; |
| Other physical details |
19 სმ. |
| 653 ## - INDEX TERM--UNCONTROLLED |
| Uncontrolled term |
სოციალური პედაგოგიკა |
| 700 ## - ADDED ENTRY--PERSONAL NAME |
| Personal name |
ტუღუში , მამია |
| Relator term |
ავტორი. |
| 9 (RLIN) |
859 |
| 942 ## - ADDED ENTRY ELEMENTS (KOHA) |
| Koha item type |
წიგნი |
| Source of classification or shelving scheme |
|